| 000 | 00460nam a22001577a 4500 | ||
|---|---|---|---|
| 005 | 20231110090221.0 | ||
| 008 | 231110b |||||||| |||| 00| 0 eng d | ||
| 041 | _aEnglish | ||
| 082 | _a346.1 PRO | ||
| 100 | _lEnglish | ||
| 245 | _aProposals for Divorce Law Reform in Namibia | ||
| 260 |
_aWindhoek : _bLegal Assistance Centre, _c2000 |
||
| 300 |
_b596 pages ; _c30 cm. |
||
| 650 |
_aLegal practice _bLaw |
||
| 942 |
_cBK _6ALISON_BN_VRIES |
||
| 999 |
_c518 _d518 |
||